000 00289nam a22001217a 4500
020 _a0-85229-163-9
082 _a030 GRE'H
100 _aGALEN
_976486
245 _aHIPPOCRATIC WAITING ON THE NATURAL FACULTIES
260 _aCHICAGO
_bWILLIAM BENTON
_c1952
300 _aV-10
942 _cBK
999 _c581877
_d581877